LDR 01056naa#a2200229#i#450# 001 EN\RIOR\bibl\125700 005 20260629164828.1 011 ## _a2409-6024 100 ## _a20260530b2026####ek#y0engy0150####ca 102 ## _aRU 200 1# _aADAPTATION OF COEFFICIENT ANALYSIS TO ASSESS THE EFFECTIVENESS OF CAPITAL-INTENSIVE OIL-PRODUCING COMPANIES _eJournal article 210 1# _aMoscow _cPublishing Center RIOR _d2026 215 ## _a12 с. 606 ## _aЭкономика. 38.04.01 _2local 608 ## _aJournal article _2local 675 ## _aРегиональная (территориальная) экономика. Земельный (аграрный) вопрос. Жилищное хозяйство. 332 _z 686 ## _aЭкономика. Экономические науки. 65 _2bbk 686 ## _aЭкономика. Бухгалтерский учет. Финансы. 77 _2tbk 686 ## _aЭКОНОМИКА И ЭКОНОМИЧЕСКИЕ НАУКИ. 06.00 _2grnti 700 #1 _aSmyk _gViktoria Maksimovna 700 #1 _aLyalkova _gEvgeniya 856 4# _ariorpub.com _u